<?xml version="1.0" encoding="UTF-8"?>
<collection xmlns:xsi="http://www.w3.org/2001/XMLSchema-instance" xsi:schemaLocation="http://www.loc.gov/MARC21/slim http://www.loc.gov/standards/marcxml/schema/MARC21slim.xsd" xmlns="http://www.loc.gov/MARC21/slim">
 <record>
  <leader>00000nam a22000005i 4500</leader>
  <controlfield tag="001">UP-1686042739784898901</controlfield>
  <controlfield tag="003">Buklod</controlfield>
  <controlfield tag="005">20240911171930.0</controlfield>
  <controlfield tag="006">m     |  | |      </controlfield>
  <controlfield tag="007">ta</controlfield>
  <controlfield tag="008">240911s2022||||ja a    r    |000 j|eng d</controlfield>
  <datafield tag="020" ind1=" " ind2=" ">
   <subfield code="a">9780804855570 </subfield>
  </datafield>
  <datafield tag="035" ind1=" " ind2=" ">
   <subfield code="a">22408609</subfield>
  </datafield>
  <datafield tag="037" ind1=" " ind2=" ">
   <subfield code="a">BC-74928</subfield>
   <subfield code="b">SERV Enterprises</subfield>
   <subfield code="c">Php 1,850.00</subfield>
   <subfield code="n">Department of Language, Literature and the Arts</subfield>
  </datafield>
  <datafield tag="040" ind1=" " ind2=" ">
   <subfield code="a">DML</subfield>
   <subfield code="d">BAG</subfield>
   <subfield code="e">rda</subfield>
  </datafield>
  <datafield tag="041" ind1="0" ind2=" ">
   <subfield code="a">eng</subfield>
  </datafield>
  <datafield tag="090" ind1=" " ind2="0">
   <subfield code="a">GR 325</subfield>
   <subfield code="b">A48 2022</subfield>
  </datafield>
  <datafield tag="245" ind1="0" ind2="0">
   <subfield code="a">Alternative alamat</subfield>
   <subfield code="b">myths and legends from the Philippines </subfield>
   <subfield code="b">an anthology</subfield>
   <subfield code="c">edited by Paolo Chikiamco ; [illustrated by Mervin Malonzo].</subfield>
  </datafield>
  <datafield tag="246" ind1="3" ind2="0">
   <subfield code="a">Alternative alamat</subfield>
   <subfield code="b">an anthology.</subfield>
  </datafield>
  <datafield tag="250" ind1=" " ind2=" ">
   <subfield code="a">International edition.</subfield>
  </datafield>
  <datafield tag="264" ind1=" " ind2="1">
   <subfield code="a">Tokyo</subfield>
   <subfield code="b">Tuttle Publishing, an imprint of Periplus Editions (HK) Ltd.</subfield>
   <subfield code="c">[2022]</subfield>
  </datafield>
  <datafield tag="300" ind1=" " ind2=" ">
   <subfield code="a">217 pages, 6 unnumbered pages</subfield>
   <subfield code="b">illustrations</subfield>
   <subfield code="c">22 cm</subfield>
  </datafield>
  <datafield tag="336" ind1=" " ind2=" ">
   <subfield code="a">text</subfield>
   <subfield code="2">rdacontent</subfield>
  </datafield>
  <datafield tag="337" ind1=" " ind2=" ">
   <subfield code="a">unmediated</subfield>
   <subfield code="2">rdamedia</subfield>
  </datafield>
  <datafield tag="338" ind1=" " ind2=" ">
   <subfield code="a">volume</subfield>
   <subfield code="2">rdacarrier</subfield>
  </datafield>
  <datafield tag="500" ind1=" " ind2=" ">
   <subfield code="a">&quot;Fantasy and fiction combine in this fresh and essential reboot of the Philippines' mythic past.&quot;</subfield>
  </datafield>
  <datafield tag="505" ind1="0" ind2=" ">
   <subfield code="a">Ana's little pawnshop on Makiling St / Eliza Victoria -- Harinuo's love song / Rochita Loenen-Ruiz -- The last full show / Budjette Tan -- The alipin's tale / Raymond G. Falgui -- Keeper of my sky / Timothy James Dimacali -- Conquering makiling / Mo Francisco -- The sorceress queen / Raissa Rivera Falgui -- Beneath the acacia / Celestine Trinidad -- Offerings to Aman Sinaya / Andrei Tupaz -- Balat, buwan, ngalan / David Hontiveros -- A door opens : the beginning of the fall of the ispancialo-in-hinirang / Dean Francis Alfar -- Remembrance / Eliza Victoria -- Appendices -- Upo / Andrew Drilon.</subfield>
  </datafield>
  <datafield tag="520" ind1=" " ind2=" ">
   <subfield code="a">&quot;Alamat are legends passed down, tales that often reflect the unique blend of fantasy and folklore that has so deeply influenced Filipino life and culture. Representing a range of exciting voices in speculative fiction, this essential anthology offers richly reimagined realms where mythic heroes, powerful gods and fantastic creatures vie for influence in human lives. Fusing folklore, myth and magic, Alternative Alamat reinvents and reimagines Philippine mythology for a new generation of fantasy fiction lovers.&quot; --Book jacket.</subfield>
  </datafield>
  <datafield tag="520" ind1=" " ind2=" ">
   <subfield code="a">Dip into the rich treasure trove of Filipino alamat (legends) with this new collection of contemporary short stories. This anthology includes works by a dozen talented and award-winning Filipino writers including Budjette Tan (Trese) and Eliza Victoria (Dwellers). Explore richly imagined realms where powerful gods and magical creatures are responsible for the twists and turns of fate in the lives of ordinary people.</subfield>
  </datafield>
  <datafield tag="650" ind1=" " ind2="0">
   <subfield code="a">Tales</subfield>
   <subfield code="z">Philippines.</subfield>
  </datafield>
  <datafield tag="650" ind1=" " ind2="0">
   <subfield code="a">Folklore</subfield>
   <subfield code="z">Philippines.</subfield>
  </datafield>
  <datafield tag="650" ind1=" " ind2="0">
   <subfield code="a">Legends</subfield>
   <subfield code="z">Philippines.</subfield>
  </datafield>
  <datafield tag="650" ind1=" " ind2="0">
   <subfield code="a">Mythology, Philippine.</subfield>
  </datafield>
  <datafield tag="700" ind1="1" ind2=" ">
   <subfield code="a">Chikiamco, Paolo</subfield>
   <subfield code="e">editor.</subfield>
  </datafield>
  <datafield tag="700" ind1="1" ind2=" ">
   <subfield code="a">Malonzo, Mervin</subfield>
   <subfield code="e">illustrator.</subfield>
  </datafield>
  <datafield tag="905" ind1=" " ind2=" ">
   <subfield code="a">FI</subfield>
  </datafield>
  <datafield tag="852" ind1="0" ind2=" ">
   <subfield code="a">UPBAG</subfield>
   <subfield code="b">UPBAG-MAIN</subfield>
   <subfield code="h">GR 325</subfield>
   <subfield code="i">A48 2022</subfield>
  </datafield>
  <datafield tag="942" ind1=" " ind2=" ">
   <subfield code="a">Book</subfield>
  </datafield>
 </record>
</collection>
